000 00465 a2200145 4500
001 ART_44137
005 20260410161629.0
008 260409a
245 1 0 _aPropuesta para el tratamiento contable de participaciones de entes controlados conjuntamente
100 1 _aRondi, Gustavo R.
700 1 _aCasal, María del Carmen
700 1 _aGalante, Marcelo J.
700 1 _aGómez, Melisa
773 0 _tEnfoques
_g- Nº 10 (oct. 2017)
_wREV416
999 _c12308
_d12308